Abbey National Bank v Anthony Mario Stringer and Rosa Stringer and Sidney George Finlay and Peter John O'Brien and Margaret Ann O'Brien (Record no. 78141)
[ view plain ]
| 000 -LEADER | |
|---|---|
| fixed length control field | 01435cab a2200205 4500 |
| 001 - CONTROL NUMBER | |
| control field | L136111 |
| 008 - FIXED-LENGTH DATA ELEMENTS--GENERAL INFORMATION | |
| fixed length control field | 070110n2006 000 0 eng u |
| 035 ## - SYSTEM CONTROL NUMBER | |
| System control number | (Sirsi) u136111 |
| 041 0# - LANGUAGE CODE | |
| Language code of text/sound track or separate title | eng |
| 245 ## - TITLE STATEMENT | |
| Title | Abbey National Bank v Anthony Mario Stringer and Rosa Stringer and Sidney George Finlay and Peter John O'Brien and Margaret Ann O'Brien |
| 260 ## - PUBLICATION, DISTRIBUTION, ETC. | |
| Date of publication, distribution, etc. | 2006 |
| 520 ## - SUMMARY, ETC. | |
| Summary, etc. | [2006] EWCA Civ 338. A case where the appellant lender appealed against an order dismissing its claim to enforce against the respondent a mortgage over a property jointly owned by the respondent and her son. The respondent was asked by her son to sign a legal charge for a second mortgage, yet the terms were not correctly explained to her, and she was not able to read English. The son defaulted on payments and the lender brought legal charges on the respondent. However the legal charge was unenforceable against her for undue influences. "Held": it was clear that the son had taken advantage of the respondent by way of exploitation. The respondent would not have agreed to sign the legal charge if she had understood what she was asked to do. |
| 590 ## - LOCAL NOTE (RLIN) | |
| Local note | KA |
| 650 24 - SUBJECT ADDED ENTRY--TOPICAL TERM | |
| Topical term or geographic name entry element | LLOYDS BANK V ROSSET |
| 650 24 - SUBJECT ADDED ENTRY--TOPICAL TERM | |
| Topical term or geographic name entry element | ROYAL BANK OF SCOTLAND V ETRIDGE |
| 651 #4 - SUBJECT ADDED ENTRY--GEOGRAPHIC NAME | |
| Geographic name | England |
| Chronological subdivision | 886- |
| 690 ## - LOCAL SUBJECT ADDED ENTRY--TOPICAL TERM (OCLC, RLIN) | |
| Topical term or geographic name as entry element | PROPERTY LAW AND PRACTICE |
| 856 40 - ELECTRONIC LOCATION AND ACCESS | |
| Uniform Resource Identifier | <a href="https://www.bailii.org/ew/cases/EWCA/Civ/2006/338.html">https://www.bailii.org/ew/cases/EWCA/Civ/2006/338.html</a> |
| Public note | View the item free of charge at www.bailii.org/... |
| 942 ## - ADDED ENTRY ELEMENTS (KOHA) | |
| Suppress in OPAC | 0 |
| Withdrawn status | Lost status | Source of classification or shelving scheme | Damaged status | Not for loan | Home library | Current library | Shelving location | Date acquired | Total Checkouts | Full call number | Barcode | Date last seen | Copy number | Price effective from | Koha item type |
|---|---|---|---|---|---|---|---|---|---|---|---|---|---|---|---|
| Dewey Decimal Classification | Virtual | Virtual | Online | 10/01/2007 | ONLINE PUBLICATION | 136111-2001 | 06/08/2019 | 1 | 06/08/2019 | Law report |